[Event "GER Pfingstopen U25"]
[Site "Playchess.com INT"]
[Date "2020.06.02"]
[Round "1"]
[White "Vaghef, Mohammad Reza"]
[Black "Gauchel, Verena"]
[Result "1/2-1/2"]
[WhiteElo "1548"]
[BlackElo "1674"]
[PlyCount "103"]
[EventDate "2020.06.02"]
[EventType "swiss (blitz)"]
[EventRounds "11"]
[EventCountry "GER"]
[SourceTitle "CBM 197 Extra"]
[Source "ChessBase"]
[SourceDate "2020.09.30"]
[SourceVersion "1"]
[SourceVersionDate "2020.09.30"]
[SourceQuality "1"]

1. c4 Nf6 2. Nc3 g6 3. g3 d5 4. Bg2 dxc4 5. Qa4+ Bd7 6. Qxc4 Nc6 7. e4 Be6 8. Qb5 Rb8 9. e5 Nd7 10. Bxc6 bxc6 11. Qxc6 Bg7 12. f4 0-0 13. Nf3 Rb6 14. Qe4 Nc5 15. Qe2 Nd3+ 16. Kd1 Bg4 17. h3 Bxf3 18. Qxf3 Qd4 19. Ne4 Nxb2+ 20. Bxb2 Qxb2 21. Rc1 Qxa2 22. Rxc7 Rb1+ 23. Ke2 Qa6+ 24. d3 Qa2+ 25. Nd2 Rxh1 26. Qxh1 Qe6 27. g4 Rb8 28. Rb7 Rd8 29. Rxa7 Bf8 30. Qg2 Qb6 31. Ra8 Rd7 32. f5 Qd4 33. Qe4 Qxe4+ 34. dxe4 Kg7 35. fxg6 hxg6 36. h4 Rd4 37. Ke3 Rb4 38. Nf3 Rb3+ 39. Kf4 f6 40. exf6+ exf6 41. g5 fxg5+ 42. Nxg5 Bd6+ 43. e5 Rb4+ 44. Ne4 Be7 45. Ra7 Kf8 46. Ra8+ Kf7 47. Rh8 Rc4 48. h5 Kg7 49. Re8 Kf7 50. Rh8 Kg7 51. Re8 Kf7 52. Rh8 1/2-1/2

[Event "GER-ch U18 Girls"]
[Site "Willingen"]
[Date "2019.06.13"]
[Round "7"]
[White "Gauchel, Verena"]
[Black "Kuemmel, Tina"]
[Result "1/2-1/2"]
[WhiteElo "1534"]
[BlackElo "1446"]
[PlyCount "64"]
[EventDate "2019.06.08"]
[EventType "swiss"]
[EventRounds "9"]
[EventCountry "GER"]
[SourceTitle "CBM 191 Extra"]
[Source "ChessBase"]
[SourceDate "2019.09.30"]
[SourceVersion "1"]
[SourceVersionDate "2019.09.30"]
[SourceQuality "1"]

1. d4 Nf6 2. Nf3 g6 3. c4 Bg7 4. Nc3 0-0 5. Bg5 d6 6. e3 Nbd7 7. Be2 c6 8. 0-0 a6 9. a4 a5 10. Qc2 b6 11. Rad1 Ba6 12. e4 Qc7 13. Rd2 Rfe8 14. Rfd1 h6 15. Bh4 c5 16. d5 Nh5 17. Ne1 Nf4 18. b3 Ne5 19. Bg3 Nxe2+ 20. Rxe2 g5 21. h3 Bc8 22. Nd3 Nxd3 23. Qxd3 f5 24. Nb5 Qb8 25. exf5 Bd7 26. Na3 Qc8 27. h4 Bxf5 28. Qd2 Bf6 29. hxg5 hxg5 30. Rde1 Qd7 31. Nb5 Rf8 32. f3 Kg7 1/2-1/2

[Event "GER-ch U18 Girls"]
[Site "Willingen"]
[Date "2019.06.12"]
[Round "5"]
[White "Gauchel, Verena"]
[Black "Schneider, Xenia"]
[Result "1-0"]
[WhiteElo "1534"]
[BlackElo "1364"]
[PlyCount "85"]
[EventDate "2019.06.08"]
[EventType "swiss"]
[EventRounds "9"]
[EventCountry "GER"]
[SourceTitle "CBM 191 Extra"]
[Source "ChessBase"]
[SourceDate "2019.09.30"]
[SourceVersion "1"]
[SourceVersionDate "2019.09.30"]
[SourceQuality "1"]

1. d4 c6 2. c4 d5 3. cxd5 cxd5 4. Nf3 Bf5 5. Nc3 e6 6. Bf4 Bd6 7. Bg3 Nc6 8. Qb3 Bxg3 9. hxg3 Rb8 10. e3 Nge7 11. Be2 0-0 12. Nh4 h6 13. Nxf5 Nxf5 14. a3 Qg5 15. Rh5 Qf6 16. Qc2 Nd6 17. Bd3 Ne7 18. Ke2 Rfc8 19. Rah1 Kf8 20. g4 Ng6 21. Qb1 Nc4 22. g3 Ne7 23. f4 Ng8 24. g5 hxg5 25. fxg5 Qd8 26. Rf1 Nxa3 27. bxa3 Qa5 28. Nb5 Rc6 29. Qb4+ Qxb4 30. axb4 a6 31. Na3 Ke7 32. Rh8 Rc3 33. Nb1 Rcc8 34. Kd2 Rf8 35. Rh7 g6 36. Bxg6 Kd6 37. Rfxf7 Rxf7 38. Bxf7 b5 39. Rh8 e5 40. dxe5+ Kxe5 41. Rxg8 Rb7 42. Bg6 Re7 43. Re8 1-0

[Event "GER-ch U16 Girls"]
[Site "Willingen"]
[Date "2018.05.23"]
[Round "6"]
[White "Gauchel, Verena"]
[Black "Schiewe, Nadine"]
[Result "1/2-1/2"]
[WhiteElo "1582"]
[BlackElo "1693"]
[PlyCount "161"]
[EventDate "2018.05.19"]
[EventType "swiss"]
[EventRounds "9"]
[EventCountry "GER"]
[SourceTitle "CBM 184 Extra"]
[Source "ChessBase"]
[SourceDate "2018.06.28"]
[SourceVersion "1"]
[SourceVersionDate "2018.06.28"]
[SourceQuality "1"]

1. d4 b6 2. c4 e6 3. Nc3 Bb7 4. Bf4 Bb4 5. e3 Nf6 6. Nf3 Ne4 7. Qc2 0-0 8. Bd3 Bxc3+ 9. bxc3 d5 10. cxd5 exd5 11. c4 Na6 12. a3 c5 13. 0-0 Re8 14. Rfd1 Rc8 15. Qb3 dxc4 16. Bxc4 Qf6 17. Ne5 Nd6 18. Ng4 Qg6 19. Bxd6 Qxg4 20. Bxf7+ Kh8 21. Bg3 Qe4 22. d5 Re7 23. Bh5 c4 24. Qc3 Qf5 25. Bf3 Rd7 26. e4 Qg6 27. h3 Re8 28. Qxc4 Nc5 29. Re1 Ba6 30. Qc2 Bd3 31. Qc3 Bxe4 32. Bxe4 Nxe4 33. Qc6 Qf7 34. Rad1 Nxg3 35. Rxe8+ Qxe8 36. fxg3 Rd8 37. Qxe8+ Rxe8 38. Rc1 Rd8 39. Rc7 Kg8 40. Rxa7 Rxd5 41. Kf2 h6 42. Ke3 Kh7 43. Ra6 b5 44. Ra5 Re5+ 45. Kf2 Rf5+ 46. Kg1 Kg6 47. g4 Rc5 48. Kh2 Rg5 49. g3 Rc5 50. h4 Kf6 51. Kh3 Re5 52. Kg2 Ke6 53. Kf3 Kf6 54. Kf4 g5+ 55. Kf3 Rc5 56. Ra6+ Kg7 57. Re6 Rc3+ 58. Re3 Rc6 59. Rb3 Rc5 60. Ke3 Kf6 61. Kd3 Ke5 62. Rb4 Rd5+ 63. Ke3 Rc5 64. Re4+ Kd5 65. Rd4+ Ke5 66. Kd3 Rd5 67. Rxd5+ Kxd5 68. hxg5 hxg5 69. Kc3 Kc5 70. Kb3 Kc6 71. Kb4 Kb6 72. Kb3 Kc6 73. Kc2 Kc7 74. Kd3 Kd7 75. Ke3 Ke7 76. Kd2 Kd6 77. Ke3 Ke5 78. Kd3 Kd5 79. Kc3 Kc5 80. Kb3 Kc6 81. Kb4 1/2-1/2

[Event "GER-ch U16 Girls"]
[Site "Willingen"]
[Date "2018.05.21"]
[Round "3"]
[White "Muedder, Melanie"]
[Black "Gauchel, Verena"]
[Result "1/2-1/2"]
[WhiteElo "1900"]
[BlackElo "1582"]
[PlyCount "134"]
[EventDate "2018.05.19"]
[EventType "swiss"]
[EventRounds "9"]
[EventCountry "GER"]
[SourceTitle "CBM 184 Extra"]
[Source "ChessBase"]
[SourceDate "2018.06.28"]
[SourceVersion "1"]
[SourceVersionDate "2018.06.28"]
[SourceQuality "1"]

1. e4 c5 2. Nf3 Nc6 3. d4 cxd4 4. Nxd4 Nf6 5. Nc3 e5 6. Ndb5 d6 7. Bg5 a6 8. Na3 b5 9. Nd5 Be7 10. Bxf6 Bxf6 11. c3 0-0 12. Nc2 Bg5 13. h4 Bf6 14. Nce3 h6 15. g3 Rb8 16. Bg2 Be7 17. 0-0 Be6 18. a4 Qd7 19. axb5 axb5 20. Ra6 Bd8 21. Nf5 Bxf5 22. exf5 Ne7 23. f6 Nxd5 24. fxg7 Kxg7 25. Qxd5 Be7 26. Rd1 Rfc8 27. Qxe5+ f6 28. Qe3 Rc7 29. Qf4 Qe8 30. Be4 Qh5 31. Bf3 Qf7 32. Qg4+ Qg6 33. Rd4 Qxg4 34. Rxg4+ Kh8 35. Bd5 Rc5 36. Ra8 Rcc8 37. Rxb8 Rxb8 38. Rb4 Rb6 39. Bc4 d5 40. Rxb5 Rxb5 41. Bxb5 Bc5 42. b4 Bb6 43. Bc6 d4 44. cxd4 Bxd4 45. Kf1 Kg7 46. h5 Kf7 47. g4 Ke6 48. f3 Ke5 49. Be4 Bb6 50. Ke2 Kd4 51. b5 Ba5 52. Kf2 Bc7 53. Ba8 Kc5 54. Ke3 Kxb5 55. Ke4 Kc5 56. Kf5 Kd4 57. Kxf6 Bf4 58. Kf5 Ke3 59. Be4 Bg5 60. Ke5 Bf4+ 61. Kf6 Bg5+ 62. Ke6 Bf4 63. Kf6 Bg5+ 64. Kf5 Bf4 65. Kg6 Bg5 66. Kf5 Bf4 67. Kg6 Bg5 1/2-1/2

[Event "GER-ch U14 Girls"]
[Site "Willingen"]
[Date "2015.05.28"]
[Round "7"]
[White "Gauchel, Verena"]
[Black "Grey, Andrea"]
[Result "1-0"]
[WhiteElo "1414"]
[BlackElo "1424"]
[PlyCount "177"]
[EventDate "2015.05.24"]
[EventType "swiss"]
[EventRounds "9"]
[EventCountry "GER"]
[SourceTitle "CBM 166 Extra"]
[Source "ChessBase"]
[SourceDate "2015.06.18"]
[SourceVersion "1"]
[SourceVersionDate "2015.06.18"]
[SourceQuality "1"]

1. d4 d5 2. Bf4 Nf6 3. e3 e6 4. Nd2 c5 5. c3 Nc6 6. Ngf3 b6 7. Bb5 Bb7 8. Ne5 Qc8 9. Qa4 Nd7 10. Bxc6 Bxc6 11. Qxc6 Qxc6 12. Nxc6 f6 13. dxc5 a5 14. cxb6 Nxb6 15. b4 axb4 16. Nxb4 Be7 17. 0-0 0-0 18. Rfc1 Rfc8 19. Nd3 Kf7 20. Rc2 Ra7 21. h3 e5 22. Bh2 e4 23. Nf4 Bb4 24. Rac1 Ba5 25. Nb3 Rca8 26. Rd1 Rd8 27. Rb1 Nc4 28. Nxa5 Rxa5 29. Rb7+ Kg8 30. Ne6 Rda8 31. Bg3 g6 32. Nc7 Rd8 33. Rb5 Rxb5 34. Nxb5 Kf7 35. a4 Ke7 36. Ra2 Ra8 37. Ra1 Kd7 38. Nc7 Ra5 39. Rd1 Kc6 40. Ne8 f5 41. Nc7 Nb2 42. Rd4 Nxa4 43. c4 dxc4 44. Rxc4+ Kd7 45. Rd4+ Kc8 46. Ne6 Ra7 47. Rd8+ Kb7 48. Rd7+ Kb6 49. Rxa7 Kxa7 50. Nf8 Nc5 51. Nxh7 Ne6 52. Bh4 Kb7 53. Ng5 Nf8 54. Kh2 Kc6 55. Kg3 Kd6 56. Kf4 Kd5 57. g4 fxg4 58. hxg4 Kd6 59. Nxe4+ Kd5 60. Nf6+ Ke6 61. Kg5 Ke7 62. Nh7 Ne6+ 63. Kxg6+ Kd6 64. Ng5 Nf8+ 65. Kf7 Nd7 66. Bg3+ Kd5 67. e4+ Kd4 68. e5 Nxe5+ 69. Bxe5+ Kxe5 70. Nh3 Ke4 71. g5 Kf5 72. g6 Kg4 73. g7 Kf3 74. g8Q Ke4 75. Qg6+ Ke5 76. Qf6+ Kd5 77. Qe6+ Kc5 78. Qd7 Kc4 79. Qd6 Kc3 80. Qd5 Kb4 81. Qc6 Kb3 82. Qc5 Kb2 83. Qc4 Ka1 84. Qb4 Ka2 85. Ke6 Ka1 86. Kd5 Ka2 87. Kd4 Ka1 88. Kc3 Ka2 89. Qb2# 1-0

[Event "GER-ch U14 Girls"]
[Site "Willingen"]
[Date "2015.05.27"]
[Round "6"]
[White "Gauchel, Verena"]
[Black "Moenster, Madita"]
[Result "0-1"]
[WhiteElo "1414"]
[BlackElo "1666"]
[PlyCount "116"]
[EventDate "2015.05.24"]
[EventType "swiss"]
[EventRounds "9"]
[EventCountry "GER"]
[SourceTitle "CBM 166 Extra"]
[Source "ChessBase"]
[SourceDate "2015.06.18"]
[SourceVersion "1"]
[SourceVersionDate "2015.06.18"]
[SourceQuality "1"]

1. d4 Nf6 2. Bf4 d5 3. e3 c5 4. c3 Nc6 5. Bd3 Qb6 6. Qb3 c4 7. Qxb6 axb6 8. Bc2 b5 9. b3 b4 10. Ne2 e6 11. 0-0 Be7 12. bxc4 dxc4 13. Nd2 b5 14. Nf3 0-0 15. Bg5 Bb7 16. Bxf6 Bxf6 17. Be4 Nxd4 18. Nfxd4 Bxe4 19. cxb4 Bd3 20. Rfe1 Bxe2 21. Rxe2 Rfd8 22. Rd2 c3 23. Rdd1 c2 24. Rd2 Rxa2 25. Rc1 Kf8 26. Rdxc2 Rxc2 27. Rxc2 e5 28. Kf1 exd4 29. exd4 Rxd4 30. Rc8+ Ke7 31. Rc7+ Ke6 32. Rc6+ Kd7 33. Rb6 Rxb4 34. Rb7+ Ke6 35. Rb6+ Kf5 36. Rb7 Kg6 37. Ke1 Rb2 38. Rd7 b4 39. Rd3 Be5 40. h3 b3 41. Re3 Rb1+ 42. Ke2 f6 43. Kf3 b2 44. Rb3 Rc1 45. Ke2 b1Q 46. Rxb1 Rxb1 47. Ke3 Rd1 48. Ke2 Rd5 49. Ke3 Kf5 50. g4+ Kg5 51. Ke4 Rd4+ 52. Kf3 Bf4 53. Kg2 Rd3 54. f3 Rd2+ 55. Kf1 Bg3 56. Kg1 Kf4 57. h4 Kxf3 58. g5 Rd1# 0-1

[Event "GER-ch U14 Girls"]
[Site "Willingen"]
[Date "2015.05.26"]
[Round "4"]
[White "Manco, Michela"]
[Black "Gauchel, Verena"]
[Result "0-1"]
[WhiteElo "1579"]
[BlackElo "1414"]
[PlyCount "94"]
[EventDate "2015.05.24"]
[EventType "swiss"]
[EventRounds "9"]
[EventCountry "GER"]
[SourceTitle "CBM 166 Extra"]
[Source "ChessBase"]
[SourceDate "2015.06.18"]
[SourceVersion "1"]
[SourceVersionDate "2015.06.18"]
[SourceQuality "1"]

1. e4 c5 2. c3 Nf6 3. e5 Nd5 4. d4 cxd4 5. cxd4 d6 6. h3 Nc6 7. Nf3 a6 8. Bc4 dxe5 9. dxe5 Nb6 10. Qxd8+ Nxd8 11. Bb3 g6 12. Be3 Nd7 13. Bd4 e6 14. 0-0 Nc6 15. Bc3 Bg7 16. Re1 b5 17. a3 Bb7 18. Bc2 a5 19. b3 0-0 20. Bb2 b4 21. Be4 Nc5 22. Nbd2 Nxe4 23. Nxe4 Rfd8 24. Nc5 Rab8 25. Rac1 bxa3 26. Bxa3 Nb4 27. Nxb7 Rxb7 28. Rc3 Rdb8 29. Ree3 Nd5 30. Bd6 Ra8 31. Red3 Nxc3 32. Rxc3 Rd7 33. Rc6 Bf8 34. Bxf8 Kxf8 35. Rc3 h6 36. g3 a4 37. bxa4 Rxa4 38. Kg2 Ra2 39. Re3 Rb7 40. Re1 Rbb2 41. Rf1 Kg7 42. g4 f6 43. exf6+ Kxf6 44. Ne1 Ra3 45. Rh1 e5 46. Rf1 e4 47. Kh2 Ra1 0-1

[Event "GER-ch U14 Girls"]
[Site "Willingen"]
[Date "2015.05.26"]
[Round "5"]
[White "Weimert, Miriam"]
[Black "Gauchel, Verena"]
[Result "1-0"]
[WhiteElo "1540"]
[BlackElo "1414"]
[PlyCount "121"]
[EventDate "2015.05.24"]
[EventType "swiss"]
[EventRounds "9"]
[EventCountry "GER"]
[SourceTitle "CBM 166 Extra"]
[Source "ChessBase"]
[SourceDate "2015.06.18"]
[SourceVersion "1"]
[SourceVersionDate "2015.06.18"]
[SourceQuality "1"]

1. e4 c5 2. Nf3 Nf6 3. Nc3 d6 4. d4 cxd4 5. Nxd4 Nc6 6. Be3 Bd7 7. Bc4 g6 8. 0-0 Bg7 9. f4 Na5 10. Be2 Nc6 11. Qd2 Qc8 12. f5 Nxd4 13. Bxd4 Bc6 14. Qe3 a6 15. Rad1 b5 16. a3 Qb7 17. Bf3 Rc8 18. Rd2 Qc7 19. Bb6 Qb7 20. Rfd1 0-0 21. Bd4 a5 22. Nd5 Bxd5 23. exd5 b4 24. a4 Rb8 25. Rd3 Rbc8 26. R1d2 Qd7 27. b3 Rfe8 28. fxg6 fxg6 29. Qf4 Qc7 30. Rf2 Rf8 31. Qe3 Rb8 32. c4 bxc3 33. Rxc3 Qb7 34. Qe6+ Kh8 35. Rb2 Rbc8 36. h3 Rxc3 37. Bxc3 Qc8 38. Qe1 Qc5+ 39. Kh2 Ra8 40. Rc2 Qa7 41. Re2 Bf8 42. Re6 Kg7 43. Qh4 Rb8 44. Bxf6+ exf6 45. Qxf6+ Kg8 46. Bd1 Rb7 47. Re8 Rf7 48. Qxd6 Kg7 49. Qe5+ Kg8 50. Bg4 Qc7 51. d6 Qb7 52. Be6 Qa7 53. d7 Qb6 54. d8Q Qxd8 55. Rxd8 h6 56. Bxf7+ Kxf7 57. Qe8+ Kf6 58. Qxf8+ Ke6 59. Qxh6 Kf6 60. Re8 Kf7 61. Qf8# 1-0

[Event "GER-ch U12"]
[Site "Magdeburg"]
[Date "2014.06.11"]
[Round "7"]
[White "Gauchel, Verena"]
[Black "Hoffmann, Lennard"]
[Result "0-1"]
[WhiteElo "1273"]
[BlackElo "1641"]
[PlyCount "162"]
[EventDate "2014.06.08"]
[EventType "swiss"]
[EventRounds "11"]
[EventCountry "GER"]
[SourceTitle "CBM 160 Extra"]
[Source "ChessBase"]
[SourceDate "2014.07.01"]
[SourceVersion "1"]
[SourceVersionDate "2014.07.01"]
[SourceQuality "1"]

1. d4 d5 2. Nf3 Nf6 3. Bf4 e6 4. e3 c5 5. c3 Nc6 6. Nbd2 Bd6 7. Ne5 Bxe5 8. dxe5 Nd7 9. Nf3 0-0 10. Bd3 h6 11. Bb1 Re8 12. Qd3 Nf8 13. 0-0 b6 14. Bc2 Bb7 15. Rad1 a5 16. Rfe1 Ba6 17. Qd2 Qc7 18. Bb1 b5 19. Qc2 Rac8 20. Rc1 Qb6 21. Red1 c4 22. Nd4 b4 23. Bg3 Rb8 24. Nxc6 Qxc6 25. e4 a4 26. exd5 exd5 27. Qd2 bxc3 28. Rxc3 Bb7 29. Rf3 Bc8 30. h3 Be6 31. Bf5 Rb5 32. Qd4 Reb8 33. Rd2 Qb7 34. Bc2 Rxb2 35. Bxa4 Rxa2 36. Rxa2 Qb1+ 37. Kh2 Qxa2 38. Bd1 Rb1 39. Re3 Qa1 40. Qxa1 Rxa1 41. Bf3 d4 42. Re4 d3 43. Rd4 Nd7 44. h4 Nc5 45. Bf4 c3 46. Rd6 c2 47. Be3 c1Q 48. Bxc1 Rxc1 49. Rc6 d2 50. Rd6 Nb3 51. Rd8+ Kh7 52. Kg3 Bf5 53. Kf4 Bc2 54. Ke3 d1Q 55. Bxd1 Rxd1 56. Rxd1 Bxd1 57. f3 Bc2 58. Kf2 Kg6 59. g4 h5 60. Kg3 Nd4 61. Kf2 Bd1 62. gxh5+ Kxh5 63. f4 Kxh4 64. Ke3 Nf5+ 65. Ke4 Be2 66. Kd5 Bf3+ 67. Kc4 Kg4 68. Kc5 Kxf4 69. Kc4 g5 70. Kd3 g4 71. Kd2 g3 72. Ke1 Ne3 73. e6 fxe6 74. Kd2 g2 75. Kd3 g1Q 76. Kc3 Qc1+ 77. Kb3 Bd5+ 78. Kb4 Qc4+ 79. Ka5 Qb3 80. Ka6 Qb4 81. Ka7 Qb7# 0-1

[Event "GER-ch U12"]
[Site "Magdeburg"]
[Date "2014.06.08"]
[Round "1"]
[White "Dietz, Florian"]
[Black "Gauchel, Verena"]
[Result "1-0"]
[WhiteElo "1655"]
[BlackElo "1273"]
[PlyCount "141"]
[EventDate "2014.06.08"]
[EventType "swiss"]
[EventRounds "11"]
[EventCountry "GER"]
[SourceTitle "CBM 160 Extra"]
[Source "ChessBase"]
[SourceDate "2014.07.01"]
[SourceVersion "1"]
[SourceVersionDate "2014.07.01"]
[SourceQuality "1"]

1. e4 b6 2. d4 Bb7 3. Bd3 Nf6 4. Nc3 e6 5. Bf4 Bb4 6. f3 d5 7. e5 Nfd7 8. Nge2 c5 9. Be3 c4 10. Bxh7 Rxh7 11. a3 Be7 12. Qd2 Nc6 13. 0-0-0 a6 14. Qe1 b5 15. Na2 a5 16. Qg3 b4 17. a4 Nb6 18. b3 cxb3 19. cxb3 Rc8 20. Kb2 Qc7 21. Rc1 Ba6 22. Nf4 Bf8 23. Nxe6 Qe7 24. Nc5 Bb7 25. Bg5 Qc7 26. Bf4 Bxc5 27. dxc5 Na8 28. e6 Qe7 29. Bg5 Qc7 30. Qg4 Kf8 31. Bf4 Ne5 32. Qf5 g6 33. Qxe5 Qxe5+ 34. Bxe5 fxe6 35. Rhe1 Kf7 36. h3 Rc6 37. Rc2 Nc7 38. Nc1 Ne8 39. Nd3 g5 40. Bd6 Kf6 41. Ne5 Rc8 42. Ng4+ Kf7 43. Be5 Ng7 44. c6 Rxc6 45. Rxc6 Bxc6 46. Rc1 Be8 47. Rc7+ Kg6 48. Nf6 Rh8 49. Rxg7+ Kxg7 50. Nxe8+ Kg8 51. Bxh8 Kxh8 52. Nc7 Kg8 53. Nxe6 Kf7 54. Nxg5+ Kf6 55. h4 Kf5 56. g4+ Kf4 57. Ne6+ Kxf3 58. h5 Kxg4 59. h6 Kf5 60. h7 Kxe6 61. h8Q Kf5 62. Qh6 Ke4 63. Kc2 d4 64. Qe6+ Kf4 65. Kd3 Kf3 66. Qf5+ Kg3 67. Kxd4 Kg2 68. Ke3 Kg3 69. Qg5+ Kh3 70. Kf3 Kh2 71. Qg2# 1-0